[Event "Challenge"]
[Site "http://www.queenalice.com/game.php?id=1332435"]
[Date "2015.1.3"]
[Round "-"]
[White "JadeTgr7"]
[Black "wanderr"]
[Result "1-0"]
[WhiteElo "1679"]
[BlackElo "1765"]

1. e4 Nc6 2. Nf3 e5 3. Nc3 d6 4. b3 Bd7 5. Bb2 Be7 6. Bc4 h6 7. Nd5 Na5 8. Qe2
Nxc4 9. Qxc4 c6 10. Nxe7 Qxe7 11. O-O-O 1-0

[Event "Challenge"]
[Site "http://www.queenalice.com/game.php?id=1332436"]
[Date "2015.1.3"]
[Round "-"]
[White "wanderr"]
[Black "JadeTgr7"]
[Result "0-1"]
[WhiteElo "1786"]
[BlackElo "1658"]

1. d4 d5 2. e3 Nf6 3. Nf3 Nc6 4. Be2 Bf5 5. Nbd2 e6 6. a3 Ne4 7. Nxe4 Bxe4 8.
O-O Bd6 9. Bd3 Qf6 10. Bxe4 dxe4 0-1

[Event "Challenge"]
[Site "http://www.queenalice.com/game.php?id=1333483"]
[Date "2015.1.7"]
[Round "-"]
[White "JadeTgr7"]
[Black "strontcan"]
[Result "0-1"]
[WhiteElo "1805"]
[BlackElo "1797"]

1. e4 e5 2. Nf3 Nc6 3. b3 Bc5 4. Bb2 d6 5. c3 Nf6 6. d4 exd4 7. cxd4 Bb4+ 8.
Nbd2 O-O 9. a3 Bxd2+ 10. Qxd2 Nxe4 11. Qe3 Re8 12. Bd3 Ng3 13. hxg3 Rxe3+ 14.
fxe3 f6 15. Bxh7+ Kf7 16. O-O-O Qe7 17. Rde1 Be6 18. Bc2 Na5 19. Nd2 Rg8 20. Kb1
d5 21. Ka2 Qd8 22. Rb1 Rh8 23. Rhc1 Qd6 24. Bc3 b6 25. Bb4 Qxg3 26. e4 c6 27.
Bxa5 bxa5 28. e5 f5 29. b4 Qxg2 30. Nb3 axb4 31. Nc5 g6 32. Nxe6 Kxe6 33. Rxb4
Rh7 34. a4 g5 35. Ka3 g4 36. Bb3 Qf3 37. Rxc6+ Kd7 38. Rd6+ Kc8 39. a5 Rh1 40.
Ka4 Ra1+ 41. Kb5 Qd3+ 42. Bc4 Qxd4 43. Rxd5 Qc3 44. e6 Re1 45. Rc5+ Kd8 46. Bd5
a6+ 47. Kxa6 Qxb4 48. Rb5 Qd6+ 49. Ka7 Rxe6 50. Bb7 Qc7 51. a6 g3 52. Rxf5 Re7
53. Rg5 Rg7 54. Rxg7 Qxg7 55. Kb8 Qc7+ 56. Ka8 Ke8 0-1

[Event "Challenge"]
[Site "http://www.queenalice.com/game.php?id=1333484"]
[Date "2015.1.7"]
[Round "-"]
[White "strontcan"]
[Black "JadeTgr7"]
[Result "1-0"]
[WhiteElo "1716"]
[BlackElo "1698"]

1. e4 e5 2. Nf3 Nc6 3. Bb5 d6 4. d4 a6 5. Bxc6+ bxc6 6. dxe5 dxe5 7. Qxd8+ Kxd8
8. Nxe5 Be6 9. b3 Nf6 10. Nxc6+ Ke8 11. f3 Bd7 12. Nd4 Bc5 13. Bb2 Bb4+ 14. Nc3
g6 15. O-O-O c5 16. Nde2 Rd8 17. a3 Bxc3 18. Bxc3 Bb5 19. Rxd8+ 1-0

[Event "Challenge"]
[Site "http://www.queenalice.com/game.php?id=1333951"]
[Date "2015.1.10"]
[Round "-"]
[White "JadeTgr7"]
[Black "jahe"]
[Result "0-1"]
[WhiteElo "1706"]
[BlackElo "1732"]

1. e4 c5 2. Bc4 e6 3. Nf3 Nc6 4. b3 d6 5. Bb2 Nf6 6. d3 g6 7. O-O Bg7 8. h3 O-O
9. Nbd2 b6 10. Re1 a6 11. a4 Bb7 12. Qe2 Nb4 13. Rec1 d5 14. exd5 exd5 15. Bxd5
Nbxd5 16. c4 Nf4 17. Qe3 Bh6 18. Kh1 N6h5 19. g4 Nf6 20. g5 Bxf3+ 21. Nxf3 N6h5
22. gxh6 Re8 23. Qd2 Nxd3 24. Rd1 Nhf4 25. Qc3 f6 26. Rd2 Re6 27. Rad1 Nxf2+ 28.
Kh2 Qf8 29. Rxf2 Nh5 30. Nd2 Qxh6 31. Qf3 Rae8 0-1

[Event "Challenge"]
[Site "http://www.queenalice.com/game.php?id=1333952"]
[Date "2015.1.10"]
[Round "-"]
[White "jahe"]
[Black "JadeTgr7"]
[Result "0-1"]
[WhiteElo "1732"]
[BlackElo "1713"]

1. e4 e5 2. Nf3 Nc6 3. Bc4 Bc5 4. d3 Nf6 5. Ng5 O-O 6. O-O d5 7. exd5 Nxd5 8.
Qh5 h6 9. Ne4 Nf4 10. Qf3 Nd4 11. Qg3 Nde2+ 0-1

[Event "Challenge"]
[Site "http://www.queenalice.com/game.php?id=1337664"]
[Date "2015.1.28"]
[Round "-"]
[White "strontcan"]
[Black "JadeTgr7"]
[Result "1-0"]
[WhiteElo "1769"]
[BlackElo "1714"]

1. e4 e5 2. Nf3 Nc6 3. Bb5 Bd6 4. O-O Nd4 5. Nxd4 exd4 6. d3 c6 7. Ba4 Bc7 8. c3
dxc3 9. Nxc3 h6 10. Be3 Nf6 11. h3 d5 12. exd5 Nxd5 13. Re1 O-O 14. Nxd5 Qxd5
15. Bb3 Qd6 16. f4 g5 17. Rc1 gxf4 18. Bc5 Qg6 19. Bxf8 Bxh3 20. Qf3 Bg4 21.
Bxf7+ Kxf7 22. Qe4 Qxe4 23. Rxe4 Rxf8 24. Rce1 Kf6 25. Re7 Be5 26. R7xe5 1-0

[Event "Challenge"]
[Site "http://www.queenalice.com/game.php?id=1337838"]
[Date "2015.1.29"]
[Round "-"]
[White "JadeTgr7"]
[Black "biskydad"]
[Result "0-1"]
[WhiteElo "1658"]
[BlackElo "1783"]

1. e4 c5 2. Bc4 e6 3. b3 a6 4. a4 Nc6 5. Nf3 Nf6 6. Qe2 d5 7. exd5 Nxd5 8. Bxd5
Qxd5 9. c4 Qd6 10. Nc3 Nb4 11. O-O Be7 12. Bb2 O-O 13. Ne4 Qf4 14. g3 Qc7 15. d4
cxd4 16. Bxd4 f6 17. Rad1 e5 18. Be3 Bf5 19. Nc3 e4 20. Nh4 Bh3 21. Rfe1 Nd3 22.
Nd5 Qd8 23. Rxd3 exd3 24. Qxd3 f5 25. Bf4 Bxh4 26. gxh4 Qxh4 27. Bg3 Qg5 28. f4
Qd8 29. Re5 Rc8 30. Qc3 h5 0-1

[Event "Challenge"]
[Site "http://www.queenalice.com/game.php?id=1337839"]
[Date "2015.1.29"]
[Round "-"]
[White "biskydad"]
[Black "JadeTgr7"]
[Result "1-0"]
[WhiteElo "1794"]
[BlackElo "1647"]

1. d4 d5 2. c4 e6 3. Nc3 Nc6 4. a3 Nf6 5. e3 g6 6. Nf3 Bg7 7. h3 O-O 8. Bd3 dxc4
9. Bxc4 a6 10. O-O b5 11. Bd3 Bb7 12. Bd2 Na5 13. b4 Nc6 14. Ng5 Ne7 15. Rc1 h6
16. Nge4 Nfd5 17. Nc5 Nxc3 18. Rxc3 Bc6 19. Be4 Bxe4 20. Nxe4 f5 21. Nc5 Qd5 22.
Re1 g5 23. Qb3 g4 24. Nxe6 gxh3 25. Qxd5 Nxd5 26. Rc5 Nf6 27. Nxf8 Kxf8 28. Rxc7
Ne4 29. Bc1 1-0

[Event "Challenge"]
[Site "http://www.queenalice.com/game.php?id=1337842"]
[Date "2015.1.29"]
[Round "-"]
[White "JadeTgr7"]
[Black "daddyrat"]
[Result "0-1"]
[WhiteElo "1628"]
[BlackElo "1824"]

1. e4 e5 2. Nf3 Nc6 3. Bc4 h6 4. d4 exd4 5. Nxd4 d6 6. Be3 Be6 7. Nxe6 fxe6 8.
Bxe6 Nf6 9. Nc3 Qe7 10. Bf5 Qf7 11. O-O g6 12. Bh3 h5 13. f3 Bh6 14. Qd3 Bxe3+
15. Qxe3 Qg7 16. Rad1 g5 17. Bf5 h4 18. h3 a6 19. Nd5 O-O 20. Qc3 Rae8 21. Rfe1
Rf7 22. b4 b5 23. Qxc6 Nxd5 24. Qxe8+ Qf8 25. Qc6 Nxb4 26. Qc3 d5 0-1

[Event "Challenge"]
[Site "http://www.queenalice.com/game.php?id=1337843"]
[Date "2015.1.29"]
[Round "-"]
[White "daddyrat"]
[Black "JadeTgr7"]
[Result "1-0"]
[WhiteElo "1815"]
[BlackElo "1637"]

1. e4 e5 2. Nf3 Nc6 3. d4 d6 4. h3 g6 5. d5 Nd4 6. Nxd4 exd4 7. Qxd4 f6 8. Nc3
a6 9. f4 Bg7 10. Be3 Qe7 11. Be2 f5 12. Qa4+ Bd7 13. Qc4 O-O-O 14. O-O-O Nf6 15.
Bd3 fxe4 16. Nxe4 Bb5 17. Qc3 Nxd5 18. Qd2 c5 19. Nc3 Nxc3 20. bxc3 Rde8 21.
Rhe1 Qe6 22. Kb2 Bc4 23. Bxc4 Qxc4 24. Bf2 1-0

[Event "Challenge"]
[Site "http://www.queenalice.com/game.php?id=1339113"]
[Date "2015.2.3"]
[Round "-"]
[White "strontcan"]
[Black "JadeTgr7"]
[Result "1-0"]
[WhiteElo "1813"]
[BlackElo "1789"]

1. e4 e5 2. Nf3 d6 3. d4 exd4 4. Nxd4 g6 5. Be3 Bd7 6. Bc4 c5 7. Nb5 Bxb5 8.
Bxb5+ Nc6 9. Nc3 a6 10. Bxc6+ bxc6 11. Qd2 Bg7 12. O-O Be5 13. f4 Bxc3 14. Qxc3
Nf6 15. f5 gxf5 16. Rxf5 1-0

[Event "Challenge"]
[Site "http://www.queenalice.com/game.php?id=1340097"]
[Date "2015.2.8"]
[Round "-"]
[White "JadeTgr7"]
[Black "Michihall"]
[Result "0-1"]
[WhiteElo "1724"]
[BlackElo "1887"]

1. e4 e5 2. Nf3 Nc6 3. d4 Nxd4 4. Nxe5 Bc5 5. c3 Ne6 6. b4 Bd6 7. f4 Bxe5 8.
fxe5 Qh4+ 9. g3 Qxe4+ 10. Qe2 Qxh1 11. Qg2 Qxg2 12. Bxg2 Ne7 13. Be3 O-O 14. Nd2
c6 15. O-O-O Ng6 16. Ne4 Nxe5 17. h3 d5 18. Nd6 Nc4 19. Bd4 Nxd4 20. Rxd4 Be6
0-1

[Event "Challenge"]
[Site "http://www.queenalice.com/game.php?id=1340098"]
[Date "2015.2.8"]
[Round "-"]
[White "Michihall"]
[Black "JadeTgr7"]
[Result "1-0"]
[WhiteElo "1896"]
[BlackElo "1715"]

1. d4 d5 2. c4 dxc4 3. Nc3 c6 4. a4 g6 5. e4 Bg7 6. Nf3 f6 7. Bxc4 Nd7 8. Bxg8
Rxg8 9. O-O e5 10. Be3 exd4 11. Nxd4 Ne5 12. Qb3 Ke7 13. Rad1 a6 14. Nxc6+ Nxc6
15. Rxd8 Rxd8 16. Nd5+ Kd6 17. Nb6 Rb8 18. Bf4+ Ne5 19. Rd1+ 1-0

[Event "Challenge"]
[Site "http://www.queenalice.com/game.php?id=1341328"]
[Date "2015.2.13"]
[Round "-"]
[White "JadeTgr7"]
[Black "pedroingles"]
[Result "0-1"]
[WhiteElo "1749"]
[BlackElo "1833"]

1. e4 e5 2. Nf3 Nf6 3. Nc3 Nc6 4. d4 d6 5. dxe5 dxe5 6. Qxd8+ Nxd8 7. Nxe5 Bb4
8. Bc4 O-O 9. O-O Bxc3 10. bxc3 Nxe4 11. Bb2 Nd2 12. Rfd1 Nxc4 13. Rab1 Nxe5 0-1

[Event "Challenge"]
[Site "http://www.queenalice.com/game.php?id=1341329"]
[Date "2015.2.13"]
[Round "-"]
[White "pedroingles"]
[Black "JadeTgr7"]
[Result "1-0"]
[WhiteElo "1885"]
[BlackElo "1665"]

1. d4 d5 2. c4 Nc6 3. e3 e5 4. Nc3 dxc4 5. Bxc4 Nf6 6. Nge2 exd4 7. Nxd4 Nxd4 8.
exd4 Bb4 9. O-O O-O 10. Be3 Be6 11. Bxe6 fxe6 12. Qb3 Qe7 13. Bg5 b6 14. d5 h6
15. Bxf6 Rxf6 16. Nb5 exd5 17. Qxd5+ Kh7 18. Qxa8 Qe5 19. Nc3 Bc5 20. Qe4+ Qf5
21. Qxf5+ 1-0

[Event "Challenge"]
[Site "http://www.queenalice.com/game.php?id=1341330"]
[Date "2015.2.13"]
[Round "-"]
[White "JadeTgr7"]
[Black "conan"]
[Result "0-1"]
[WhiteElo "1761"]
[BlackElo "1854"]

1. e4 e5 2. Nf3 f6 3. d4 d6 4. dxe5 dxe5 5. Qxd8+ Kxd8 6. Nc3 c6 7. Be3 b5 8.
O-O-O+ Nd7 9. Bxb5 cxb5 10. Nxb5 a6 11. Nc3 Ke8 12. Nd5 Rb8 0-1

[Event "Challenge"]
[Site "http://www.queenalice.com/game.php?id=1341331"]
[Date "2015.2.13"]
[Round "-"]
[White "conan"]
[Black "JadeTgr7"]
[Result "1-0"]
[WhiteElo "1841"]
[BlackElo "1774"]

1. e4 e5 2. g3 Nf6 3. f3 d5 4. exd5 Qxd5 5. c4 Qd4 6. d3 Bc5 7. Ne2 Qf2+ 8. Kd2
Qxf3 9. Bg2 Qxg2 10. Qf1 Bh3 11. Qxg2 Bxg2 12. Rd1 1-0